Globalización y conocimiento /

Furkejuvvon:
Bibliográfalaš dieđut
Váldodahkki: Massardo, Jaime
Materiálatiipa: Texto
Fáttát:
Fáddágilkorat: Lasit fáddágilkoriid
Eai fáddágilkorat, Lasit vuosttaš fáddágilkora!

MARC

LEADER 00000 a a2200000 04500
001 8629
003
040
100 |a Massardo, Jaime  
245 |a Globalización y conocimiento /  |c Jaime Massardo 
650 |a INVESTIGACION SOCIAL  
650 |a TEORIA SOCIAL  
650 |a GLOBALIZACION  
650 |a AMERICA LATINA  
773 |g número 1; páginas 105-114  
999 |c 26800  |d 26800